000 00572nam a2200169 i 4500
001 22045
003 ES-MaACL
005 20230906152610.0
007 t|
008 021129s1930 sp ||||1| spa d
100 1 _aAlfaya y López, María Concepción.
_919830
245 1 4 _aLos bordados populares en Segovia /
_cpor María Concepción Alfaya López y Mª Paz Alfaya López.
260 _aMadrid :
_b[s.n.,
_c1930] (
_fTip. A. Marzo)
300 _aVIII, 47 p., 130 lám. ;
_c35 cm.
700 1 _aAlfaya y López, María Paz.
_919831
852 _aES-MaACL
_jA-4932
_bR.16861
999 _c22045
_d22045